00000000nam##2200000za#4500
0019.578543
003CaOODSP
00520210624190134
007cr |||||||||||
008150406|1987||||xxc|||||o    f|0| 0 eng|d
022 |a1488-5379
040 |aCaOODSP|beng
043 |an-cn---
0861 |aFs97-6/1580E-PDF
1101 |aCanada. |bDepartment of Fisheries and Oceans.
24514|aThe density of capelin (Mallotus villosus müller) eggs on spawning beaches in Conception Bay, Newfoundland / |h[electronic resource]|cby Christopher T. Taggart and Brian S. Nakashima.
260 |aSt. John's - Newfoundland and Labrador : |bFisheries and Oceans Canada |c1987.
300 |a26p.|bfigs., references, tables
4901 |aCanadian technical report of fisheries and aquatic sciences|x1488-5379|vNo. 1580
500 |aOn t.p.: Science Branch, St. John's, Newfoundland. The catalogue number and ISSN for the print edition appear in the PDF version.
546 |a(Résumé en français)
590 |a14-03-Supp|b2014-01-17
7201 |aTaggart, C. T.
7201 |aNakashima, Brian S.
830#0|aCanadian technical report of fisheries and aquatic sciences,|x1488-5379|vNo. 1580|w(CaOODSP)9.504449
85640|ahttp://publications.gc.ca|qPDF|s1172 KB|uhttps://publications.gc.ca/collections/collection_2014/mpo-dfo/Fs97-6-1580-eng.pdf|yNo. 1580